NARAKANGALUDE UPAMA (Record no. 7139)
[ view plain ]
| 000 -LEADER | |
|---|---|
| fixed length control field | 01129nam a22001577a 4500 |
| 020 ## - INTERNATIONAL STANDARD BOOK NUMBER | |
| ISBN | 978-93-528-2799-2 |
| 082 ## - DEWEY DECIMAL CLASSIFICATION NUMBER | |
| Classification number | 894.812.3 |
| Item number | SAN/N |
| 100 ## - MAIN ENTRY--AUTHOR NAME | |
| Personal name | SANTHOSHKUMAR, E |
| 245 ## - TITLE STATEMENT | |
| Title | NARAKANGALUDE UPAMA |
| 246 ## - VARYING FORM OF TITLE | |
| Title proper/short title | NARAKANGALUDE UPAMA |
| Remainder of title | NARAKANGALUDE UPAMA |
| 260 ## - PUBLICATION, DISTRIBUTION, ETC. (IMPRINT) | |
| Place of publication | KOTTAYAM |
| Name of publisher | DC BOOKS |
| Year of publication | 2023 |
| 300 ## - PHYSICAL DESCRIPTION | |
| Number of Pages | 158 |
| 520 ## - SUMMARY, ETC. | |
| Summary, etc | ജീവിതത്തിന്റെ ആകസ്മികവ്യവഹാരമണ്ഡലങ്ങളിൽ അകപ്പെട്ടുപോവുകയും ഒരിക്കലും അഴിച്ചെടുക്കാനാവാത്ത കുരുക്കുപോലെ ചില വ്യക്തിബന്ധങ്ങളുടെ നിഴലുകളിൽ കൊളുത്തിയിടപ്പെടുകയും ചെയ്യുന്ന കേവല മനുഷ്യരുടെ കഥകൾ. പരുന്ത്, സിനിമാ പറുദീസ, നാരകങ്ങളുടെ ഉപമ, വാവ, രാമൻ--രാഘവൻ, പണയം തുടങ്ങി ആറ് കഥകൾ |
| 650 ## - SUBJECT ADDED ENTRY--TOPICAL TERM | |
| Topical Term | MALAYALAM STORY |
| Geographic subdivision | KERALA |
| 942 ## - ADDED ENTRY ELEMENTS (KOHA) | |
| Koha item type | Books |
| Withdrawn status | Lost status | Collection code | Home library | Current library | Shelving location | Date acquired | Source of acquisition | Cost, normal purchase price | Full call number | Accession Number | Koha item type |
|---|---|---|---|---|---|---|---|---|---|---|---|
| Fiction | Main Library | Main Library | NEW SHELF WITH NEW ENTRY | 26/10/2023 | purchase | 199.00 | 894.812.3 SAN/N | 13138 | Books |